00365nam a2200157Ia 45000010006000000050017000060080041000230410008000640820015000721000036000872450031001232600009001543000028001636500008001916540008001991795020260306171554.0260306s9999||||xx |||||||||||||| ||und|| aESP a658.3bJ53 aJiménez, Daniel PatricioeAUT 0aManual de recursos humanos c2006 a278 páginas :c24 cm. aGEN aCAN